Normal view MARC view
  • Economics

Entry Geographic Name

Number of records used in: 1

001 - CONTROL NUMBER

  • control field: 180878

003 - CONTROL NUMBER IDENTIFIER

  • control field: OSt

005 - DATE AND TIME OF LATEST TRANSACTION

  • control field: 20230328105005.0

008 - FIXED-LENGTH DATA ELEMENTS

  • fixed length control field: 230328|| aca||aabn | a|a d

040 ## - CATALOGING SOURCE

  • Original cataloging agency: OSt
  • Transcribing agency: OSt

151 ## - HEADING--GEOGRAPHIC NAME

  • Geographic name: Economics

670 ## - SOURCE DATA FOUND

  • Source citation: Work cat.: (OSt)93223: Indumati 115406, Transfer of Technology and Economic Development, 1994